00464nam a2200193 a 4500001001300000003000900013005001700022008004100039020001200080082001300092100001800105245002900123260003000152300000900182500003500191505001000226650001600236700001800252nice12345678IN_TiNIC20260116011609.0050524s1961 lona grp 000 0 eng  ac176.400a236bBAI aBaillie, John aAnd the Life Everlasting aLondonbWyvern Bookc1961 a220p aincludes index and biblioraphy2 aIndex aEschatology1 aBaillie, John